[Event "Hyderabad WIPRO"]
[Site "Hyderabad"]
[Date "2000.07.27"]
[Round "12"]
[White "Sasikiran, Krishnan"]
[Black "Fominyh, Alexander"]
[Result "0-1"]
[WhiteElo "2573"]
[BlackElo "2594"]
[Annotator "Huebner,R"]
[PlyCount "146"]
[EventDate "2000.07.16"]
[EventType "tourn"]
[EventRounds "11"]
[EventCountry "IND"]
[EventCategory "10"]
[SourceTitle "CBM 079"]
[Source "ChessBase"]
[SourceDate "2000.11.21"]
[SourceVersion "1"]
[SourceVersionDate "2000.11.21"]
[SourceQuality "1"]

1. d4 d5 2. c4 c6 3. Nc3 Nf6 4. Nf3 dxc4 5. a4 Bf5 6. e3 e6 7. Bxc4 Bb4 8. O-O
O-O 9. Qe2 Nbd7 10. e4 Bg6 11. Bd3 Re8 12. e5 Nd5 13. Bxg6 fxg6 14. Ne4 Nf8 15.
a5 h6 16. Bd2 Be7 17. a6 b6 18. Rfc1 Rc8 19. g3 g5 20. Be1 Ng6 21. Nfd2 Nh8 22.
Nc4 Nf7 23. Rd1 Qd7 24. Rac1 Red8 25. Ne3 Nc7 26. Bc3 Qe8 27. Rf1 Nd5 28. Qg4
Qd7 29. Rcd1 Rf8 30. Qe2 Rc7 31. f4 gxf4 32. gxf4 Nxe3 33. Qxe3 Nh8 34. Qg3 Qd5
35. Rfe1 Kh7 36. Rd2 Rf7 37. Rg2 Kg8 $2 {Danach gewinnt der Angriff des Weißen
entscheidende Kraft.} ({Schwarz setzt sich auch großen Gefahren aus, wenn er} 
37... Rc8 {versucht:} 38. f5 exf5 39. e6 f4 40. Qg4 (40. Qd3 {ist weniger
überzeugend:} Rf5 41. Ng3 fxg3 42. Re5 gxh2+ 43. Kh1 g6 44. Rxd5 cxd5 $13 {
mit unklarer Lage.}) 40... h5 41. Ng5+ Kg6 42. Qf3 Rf5 43. Qd3 {, und Schwarz
dürfte nicht überleben können.}) (37... g6 {mit ungefähr ausgeglichener
Stellung war nötig.}) 38. f5 exf5 {Schwarz darf f5-f6 auf keinen Fall zulassen.
} 39. e6 Qxe6 40. Qxc7 fxe4 41. Qxa7 Ng6 42. Qb8+ Kh7 43. a7 Bd6 44. Qxd6 Qxd6
45. a8=Q Nh4 46. Qe8 Re7 47. Qh5 {Der Textzug sollte zum Gewinn genügen, aber}
(47. Qf8 {war genauer:} Qd7 (47... Nxg2 48. Rxe4 {und Weiß gewinnt.}) (47...
Nf3+ 48. Kf2 ({Vermeiden muß Weiß die Falle} 48. Kh1 $6 Nxe1 49. Rxg7+ $2 (49.
Bxe1 {wahrt Vorteil.}) 49... Rxg7 50. Qxd6 Nf3 {, und Schwarz siegt.}) 48...
Nxe1 49. Rxg7+ {mit Gewinn.}) 48. Qf4 Nf3+ 49. Kf1 {usw.}) 47... Nf3+ 48. Kf2
g6 49. Qg4 Rf7 50. Ke2 Rf4 51. Qg3 g5 52. Ra1 Qd7 53. Ra8 $2 ({Der König
konnte zur Selbsthilfe schreiten:} 53. Kd1 c5 ({Nach} 53... e3 54. Kc1 {
entkommt der König des Weißen allen Gefahren, und dem Springer auf f3 fehlt
die solide Stütze.}) 54. d5 Qxd5+ 55. Kc1 Rf7 56. Qb8 {mit entscheidendem
Angriff.}) 53... Qf7 $2 ({Zum Unentschieden führte} 53... c5 54. d5 (54. Kd1
cxd4 {sieht unerfreulich für Weiß aus.}) 54... Qb5+ 55. Kd1 Qd3+ 56. Kc1 Qf1+ {
mit Dauerschach.}) 54. d5 cxd5 55. Rh8+ Kg6 56. Rg8+ $2 {Jetzt findet der
König des Schwarzen einen sicheren Schlupfwinkel.} (56. Qh3 {führt zum
sofortigen Gewinn:} Nh4 ({Auf} 56... Rh4 {folgt} 57. Qc8 d4 58. Rf8 {mit
entscheidendem Angriff.}) 57. Bd2 Rf1 58. Rxh6+ {usw.}) 56... Kh5 57. Qh3+ Rh4
58. Qc8 d4 $2 (58... Nd4+ 59. Ke1 ({Nach} 59. Bxd4 Qf3+ 60. Ke1 Qxg2 {hat Weiß
keinen Vorteil.}) 59... Nf3+ 60. Kd1 d4 {versprach Rettungsaussichten, denn auf
} 61. Rf8 {kann} Qb3+ 62. Kc1 Qb5 {geschehen.}) 59. Be1 $4 {Die Dame des
Schwarzen mußte zunächst aus ihrer günstigen Position vertrieben werden, und
zwar durch} (59. Rf8 {. Nach} Qg6 {Die Dame des Schwarzen muß das Feld e7
überwachen.} (59... Qe7 {nützt nichts wegen der Antwort} 60. Bb4) 60. Be1 d3+
61. Kd1 Nxe1 62. Kxe1 e3 63. Qd7 {gewinnt Weiß; jetzt erhält Schwarz eine
Gewinnstellung.}) 59... d3+ 60. Kd1 Qb3+ (60... e3 {ist nicht besser:} 61. Bxh4
Qb3+ 62. Rc2 dxc2+ 63. Kc1 (63. Qxc2 {scheitert an} e2+ 64. Kc1 Qe3+ 65. Kb1
Kxh4 {, und Schwarz gewinnt.}) 63... Qd3 (63... Ng1 64. Qe8+ Kxh4 65. Qe4+ Kh3
66. Qf5+ {mit Dauerschach.}) 64. Qxc2 Qf1+ 65. Be1 (65. Qd1 e2) 65... Qxe1+ 66.
Qd1 Qf2 67. Re8 {, und Schwarz muß noch harte Arbeit verrichten, um den Sieg
zu erzwingen.}) 61. Rc2 $6 ({Nach} 61. Kc1 {war mehr Sorgfalt von Schwarz
erfordert:} Qa4 62. Kb1 ({Die Fortsetzung} 62. Qe8+ Qxe8 63. Rxe8 Nxe1 {
ist hoffnungslos für Weiß.}) 62... e3 (62... Nxe1 {ist dem Schwarzen nicht zu
empfehlen:} 63. R2xg5+ hxg5 64. Rh8+ Kg6 65. Qe6+ {nebst matt.}) 63. Bxh4 d2
64. Rd8 d1=R+ 65. Rxd1 Qxd1+ 66. Qc1 ({oder} 66. Ka2 Qa4+ 67. Kb1 Nd2+ 68. Kc1
Qa1+ 69. Kc2 Qb1+ 70. Kc3 Qc1+ {, und Schwarz gewinnt.}) 66... Nd2+ 67. Rxd2
Qxc1+ 68. Kxc1 exd2+ 69. Kxd2 Kxh4 {mit leichtem Vorteil im Bauernendspiel.})
61... e3 $4 (61... dxc2+ {war nicht schwer zu finden. Jetzt kann Weiß wiederum
gewinnen.}) 62. Bxh4 $4 ({Keine besonderen Schwierigkeiten bot es, die
Stellung nach} 62. Qe8+ Kg4 63. Qe4+ Kh5 64. Qxf3+ Rg4 65. Rgc8 {zum Siege zu
führen.}) 62... dxc2+ 63. Kc1 {Jetzt ist die Stellung erreicht, die in der
Anmerkung zum 60. Zuge von Schwarz besprochen worden war.} Qd3 64. Rd8 (64.
Qxc2 {war zäher (siehe oben, Anmerkung zum 60. Zuge von Schwarz).}) 64... Qf1+
(64... Nd4 {gewinnt unmittelbar.}) 65. Kxc2 Kxh4 66. Qe6 Qf2+ 67. Kb3 h5 68.
Qxb6 Nxh2 69. Rd4+ Ng4 70. Re4 Qf3 71. Qe6 Kg3 72. Ka2 Kf2 73. Qd5 Nf6 0-1

[Event "Biel GM"]
[Site "Biel"]
[Date "2000.07.26"]
[Round "3"]
[White "Van Wely, Loek"]
[Black "Gelfand, Boris"]
[Result "1/2-1/2"]
[WhiteElo "2643"]
[BlackElo "2681"]
[Annotator "Huebner,R"]
[PlyCount "81"]
[EventDate "2000.07.24"]
[EventType "tourn"]
[EventRounds "10"]
[EventCountry "SUI"]
[EventCategory "16"]
[SourceTitle "CBM 079"]
[Source "ChessBase"]
[SourceDate "2000.11.21"]
[SourceVersion "1"]
[SourceVersionDate "2000.11.21"]
[SourceQuality "1"]

1. d4 d5 2. c4 c6 3. Nc3 Nf6 4. Nf3 dxc4 5. a4 Bf5 6. e3 e6 7. Bxc4 Bb4 8. O-O
O-O 9. Qe2 Bg6 10. Ne5 Nbd7 11. Nxg6 hxg6 12. Rd1 Qa5 13. Qc2 Rad8 14. Na2 Bd6
15. b4 (15. Be2 e5 16. Bd2 Qc7 17. dxe5 Bxe5 18. g3 $11 {1/2-1/2 Lassila,
E-Karttunen,M/Finland 1997/EXT 2000 (63)}) 15... Qh5 16. g3 e5 17. Be2 Qf5 18.
Qxf5 gxf5 19. Bb2 exd4 20. Bxd4 Be5 21. Nc3 Bxd4 22. Rxd4 Nb6 23. Rad1 Rxd4 24.
Rxd4 Nbd5 25. Nxd5 cxd5 26. Bf3 Rd8 27. h3 Kf8 28. g4 Ke7 29. gxf5 Kd6 30. Kg2
Ke5 31. Bg4 Rc8 32. f4+ Kd6 33. Bf3 Rc2+ 34. Kg3 Rc3 35. Kf2 Kc6 36. h4 Rc2+
37. Ke1 Rb2 38. h5 Rb1+ 39. Kd2 Rb2+ 40. Ke1 Rb1+ 41. Kd2 1/2-1/2

[Event "Hoogovens"]
[Site "Wijk aan Zee"]
[Date "1997.01.26"]
[Round "7"]
[White "Yermolinsky, Alex"]
[Black "Illescas Cordoba, Miguel"]
[Result "1-0"]
[WhiteElo "2630"]
[BlackElo "2635"]
[Annotator "Huebner,R"]
[PlyCount "75"]
[EventDate "1997.01.18"]
[EventType "tourn"]
[EventRounds "13"]
[EventCountry "NED"]
[EventCategory "16"]
[SourceTitle "CBM 057"]
[Source "ChessBase"]
[SourceDate "1997.04.01"]
[SourceVersion "1"]
[SourceVersionDate "1997.04.01"]
[SourceQuality "1"]

1. d4 d5 2. c4 c6 3. Nf3 Nf6 4. Nc3 dxc4 5. a4 Bf5 6. e3 e6 7. Bxc4 Bb4 8. O-O
Nbd7 9. Qe2 O-O 10. e4 Bg6 11. Bd3 h6 12. Rd1 (12. Bf4 {bedeutet nur
Zugumstellung.}) 12... Rc8 13. Bf4 Re8 14. h3 a6 15. Bc2 c5 16. dxc5 (16. Na2
Qb6 17. dxc5 {Dann ist 16.Sa2 natürlich sinnlos und stellt den Springer nur
auf ein schlechtes Feld. Nötig ist} (17. Nxb4 Qxb4 18. Rab1 {mit unklarer Lage.
}) 17... Bxc5 18. Bd3 e5 19. Bd2 Bh5 20. Nc3 Nb8 21. a5 Qe6 22. Be3 Bd4 23.
Rdc1 Rcd8 24. Qf1 Bxf3 25. gxf3 Nc6 {mit Vorteil für Schwarz : 0-1 Lerner,
K-Ehlvest,J/URS-FL Kujbyshev 1986 (52). Der Textzug bringt dem Weißen auch
keinen Vorteil.}) 16... Bxc3 {Dies ist die richtige Reaktion.} (16... Bxc5 17.
Ne5 $16) 17. bxc3 Qa5 18. Ne5 Nxe5 19. Bxe5 Rxc5 20. Bxf6 (20. Bd4 Rcc8 {
ist nicht besser; Schwarz droht e6-e5.}) 20... gxf6 21. c4 Rec8 22. Bd3 f5 $11
23. exf5 Bxf5 24. Bxf5 Rxf5 25. Rd4 Qe5 26. Qd3 Kh8 27. Rd1 Rg8 28. Re4 Qf6 (
28... Qc5 $5) 29. Qe2 Rfg5 30. g3 Qg6 31. Rd3 Kh7 32. Rf3 Rf5 33. Rg4 Rg5 $6 {
Hiernach gerät Schwarz in Gefahr. Korrekt war} (33... Qf6 34. Rxg8 Kxg8 $11)
34. Qb2 {Besser war meines Erachtens} (34. Rxg5 $5 hxg5 35. Rb3 $16) 34... Rxg4
35. hxg4 Rb8 36. c5 Qg7 (36... Kg8 37. Rf4 Qg5 38. c6 b5 $13) 37. Qb1+ Qg6 $4 (
37... Kg8 $13) 38. Rxf7+ 1-0

[Event "EU-Cup 16th"]
[Site "Neum"]
[Date "2000.09.26"]
[Round "3.3"]
[White "Zoler, Dan"]
[Black "Benitah, Yohan"]
[Result "1-0"]
[WhiteElo "2526"]
[BlackElo "2369"]
[Annotator "Huebner,R"]
[PlyCount "59"]
[EventDate "2000.09.24"]
[EventType "team-swiss"]
[EventRounds "7"]
[EventCountry "BIH"]
[SourceTitle "CBM 080"]
[Source "ChessBase"]
[SourceDate "2001.01.25"]
[SourceVersion "1"]
[SourceVersionDate "2001.01.25"]
[SourceQuality "1"]
[WhiteTeam "Tel Aviv Shlomo Har Zvi"]
[BlackTeam "Mulhouse Philidor"]
[WhiteTeamCountry "ISR"]
[BlackTeamCountry "FRA"]

1. d4 d5 2. c4 c6 3. Nf3 Nf6 4. Nc3 dxc4 5. a4 Bf5 6. e3 e6 7. Bxc4 Bb4 8. O-O
O-O 9. Qe2 Bg6 10. Ne5 Nbd7 11. Nxg6 hxg6 12. Rd1 Qa5 13. e4 Nb6 {Dies ist ein
neuer Versuch. Am häufigsten ist hier} (13... e5 {gespielt worden; auch}) (
13... Bxc3 {wurde öfter versucht. Der Textzug flößt mir kein Vertrauen ein.})
14. Bb3 Bxc3 15. bxc3 Qxc3 16. Rb1 Qb4 17. Rd3 Rfd8 18. Bd2 Qe7 19. a5 Nc8 $2 (
19... Nbd7 {mußte versucht werden.}) 20. Bg5 e5 21. dxe5 Rxd3 22. Qxd3 Qxe5 23.
Bxf7+ $18 Kxf7 24. Qb3+ Ke8 25. Bxf6 gxf6 26. Qxb7 Rb8 27. Qxb8 Qxb8 28. Rxb8
Kd8 29. Rb7 a6 30. h4 1-0

[Event "Drury Lane"]
[Site "London"]
[Date "1997.06.16"]
[Round "1"]
[White "Parker, Jonathan"]
[Black "Summerscale, Aaron"]
[Result "1/2-1/2"]
[WhiteElo "2495"]
[BlackElo "2500"]
[Annotator "Huebner,R"]
[PlyCount "52"]
[EventDate "1997.06.16"]
[EventType "tourn"]
[EventRounds "9"]
[EventCountry "ENG"]
[EventCategory "10"]
[SourceTitle "CBM 060"]
[Source "ChessBase"]
[SourceDate "1997.09.29"]
[SourceVersion "1"]
[SourceVersionDate "1997.09.29"]
[SourceQuality "1"]

1. d4 d5 2. c4 c6 3. Nf3 Nf6 4. Nc3 dxc4 5. a4 Bf5 6. e3 e6 7. Bxc4 Bb4 8. O-O
O-O 9. Ne5 Nbd7 {Ein überzeugender Weg zum Ausgleich für Schwarz wurde in der
Frühzeit der Schachgeschichte demonstriert:} (9... c5 10. Na2 Ba5 11. dxc5 Qxd1
12. Rxd1 Bc2 13. Rd4 Bc7 14. Nf3 Nc6 15. Rd2 Bg6 16. b4 a5 17. b5 Ne5 18. Nxe5
Bxe5 19. Bb2 Ne4 20. Re2 Bxb2 21. Rxb2 Nxc5 22. Nc1 {remis, Capablanca-Euwe,
Nottingham 1936.}) 10. Qe2 Bg6 {Hier sind eine Menge von Zügen versucht worden
(Vgl. Z. Ribli, Slawisch D16-19 (Informatormonographie), D 19/132, Fußnote 790)
:} (10... Re8 11. Rd1 Qc7 12. Nxd7 Qxd7 13. f3 Nd5 14. Na2 Bf8 15. e4 Bg6 16.
Qe1 {geschah in der Partie Kasparov-Anand, Dortmund 1992, Inf. 54/(369); Weiß
hat sein Ziel erreicht, ein schönes Bauernzentrum aufzubauen, und steht etwas
besser, wenn auch nach} Nb6 17. Bb3 Rad8 {die Partie noch keineswegs zu Ende
ist. Anand beging jedoch an Stelle von 16...Sb6 den schrecklichen Fehler 16...
f5 und mußte nach 17.ed5: aufgeben (17...ed5: 18.Le2).}) (10... Nxe5 11. dxe5
Nd7 12. e4 Bg6 13. f4 Qh4 14. Be3 (14. g4 Rae8 15. Bd2 f6 {geschah in der
Partie Alber-Cuijpers, Deutschland 1992; Weiß kann der Dame des Gegners nichts
anhaben und läuft Gefahr, an der Expansion seiner Königsflügelbauern zugrunde
zu gehen.}) (14. Bd2 Bh5 15. Qe1 Qxe1 {führt zu bequemem Spiel für Schwarz.})
14... Rfd8 (14... Bxc3 15. bxc3 Bxe4 {scheitert an} 16. Bf2 Qxf4 17. Bd4 Qh4
18. g3 $18) 15. a5 {mit undeutlicher Lage.}) (10... Ne4 11. Na2 ({Mit} 11. Nxe4
Bxe4 12. Nd3 Bd6 13. f3 Bd5 14. b3 Bxc4 15. bxc4 c5 {kann Weiß nicht viel
erreichen.}) 11... Be7 12. g4 Bg6 13. Nxg6 hxg6 {und jetzt könnte Weiß mit} 14.
Nc3 (14. b4 a5 15. b5 c5 {was in der Partie Lazarev-Fominyh, Alusta 1993
geschah, sieht weniger überzeugend aus.}) 14... Nxc3 15. bxc3 {einen kleinen
Vorteil behalten.}) (10... h6 {lautet die Hauptvariante in der
Informatormonographie; Schwarz sichert sich die Erhaltung seines weißfeldrigen
Läufers. Nach} 11. Nd3 (11. Rd1 Bh7 {bedeutet keine große Verbesserung für
Weiß.}) 11... Be7 (11... a5 {kommt hier natürlich auch in Betracht; diese Idee
wurde ja in der vorliegenden Partie verwirklicht.}) 12. a5 (12. e4 Bh7 13. f3 {
scheitert an} Nb6) 12... Bh7 13. Rd1 (13. e4 b5 14. axb6 (14. Bb3 b4 {ist auch
nicht erfreulich für Weiß.}) 14... Nxb6 {mit Vorteil für Schwarz.}) 13... b5
14. axb6 axb6 15. Rxa8 Qxa8 {mit Ausgleich. Der Textzug läßt dem Weißen mehr
Möglichkeiten.}) 11. Nd3 (11. Nxg6 hxg6 12. Rd1 {bietet dem Weißen Aussichten
auf einen kleinen Vorteil. Nach dem Textzug hat Schwarz gegenüber der Variante
mit 10...h6 nebst 11...Lh7 ein Tempo eingespart, so daß er keinerlei
Schwierigkeiten haben sollte.}) 11... a5 (11... Be7 {kommt ebenfalls in
Betracht.}) 12. Bd2 Qb6 13. Nxb4 axb4 14. a5 ({Auch} 14. Na2 Rxa4 15. b3 Ra3
16. Nxb4 (16. Bxb4 $2 {scheitert natürlich an} Rxa2) 16... Rfa8 {führt zu
einer ausgeglichenen Stellung.}) 14... Rxa5 15. Rxa5 Qxa5 16. Na2 Qb6 17. Bxb4
Ra8 18. Ba3 e5 19. Qd1 Rd8 20. Be7 Re8 21. Bxf6 Nxf6 22. dxe5 Rxe5 23. b4 Re8
24. Qb3 Ne4 25. Rd1 Rd8 26. Be2 Qc7 1/2-1/2